Acta de la sesión inaugural de la Academia Matritense de Jurisprudencia y Legislación, celebrada el día 10 de noviembre de 1860. (Record no. 192441)

MARC details
000 -LEADER
campo de control de longitud fija 01515nam a2200289 i 4500
001 - NÚMERO DE CONTROL
campo de control 192441
003 - IDENTIFICADOR DE NÚMERO DE CONTROL
campo de control ES-MaACL
005 - FECHA Y HORA DE LA ÚLTIMA TRANSACCIÓN
campo de control 20251204162744.0
008 - DATOS DE LONGITUD FIJA--INFORMACIÓN GENERAL
campo de control de longitud fija 221215s1860 sp 000 0 spa
080 ## - NÚMERO DE LA CLASIFICACIÓN DECIMAL UNIVERSAL
Número de la Clasificación Decimal Universal 061.22(460.27 M.)
080 ## - NÚMERO DE LA CLASIFICACIÓN DECIMAL UNIVERSAL
Número de la Clasificación Decimal Universal 347.67
110 1# - ENTRADA PRINCIPAL--NOMBRE DE ENTIDAD CORPORATIVA
Nombre de entidad corporativa o nombre de jurisdicción como elemento de entrada Academia Matritense de Jurisprudencia y Legislación.
9 (RLIN) 1204
245 10 - MENCIÓN DEL TÍTULO
Título Acta de la sesión inaugural de la Academia Matritense de Jurisprudencia y Legislación, celebrada el día 10 de noviembre de 1860.
260 ## - PUBLICACIÓN, DISTRIBUCIÓN, ETC.
Lugar de publicación, distribución, etc. Madrid :
Nombre del editor, distribuidor, etc. Imp. y Lib. de Eusebio Aguado,
Fecha de publicación, distribución, etc. 1860.
300 ## - DESCRIPCIÓN FÍSICA
Extensión 48 p. ;
Dimensiones 25 cm.
490 1# - MENCIÓN DE SERIE
Mención de serie Actas de la Academia Matritense de Jurisprudencia y Legislación
505 8# - NOTA DE CONTENIDO CON FORMATO
Nota de contenido con formato Contiene: Memoria de las actas académicas del año anterior / José María Carrascón . Discurso inaugural [tema: ¿Cuál debe ser el límite de la sucesión intestada?] / Salustiano de Olózaga.
530 ## - NOTA DISPONIBLE DE FORMULARIO FÍSICO ADICIONAL
Nota de formato físico adicional disponible Disponible en formato digital.
610 24 - PUNTO DE ACCESO ADICIONAL DE MATERIA--NOMBRE DE ENTIDAD CORPORATIVA
Nombre de entidad corporativa o nombre de jurisdicción como elemento de entrada Academia Matritense de Jurisprudencia y Legislación.
9 (RLIN) 1204
650 #7 - PUNTO DE ACCESO ADICIONAL DE MATERIA--TÉRMINO DE MATERIA
Término de materia o nombre geográfico como elemento de entrada Herencias y sucesiones
Fuente del encabezamiento o término embne
9 (RLIN) 135883
700 1# - ENTRADA AGREGADA--NOMBRE PERSONAL
Nombre de persona Carrascón, José María,
Fechas asociadas al nombre -1873
9 (RLIN) 176112
700 1# - ENTRADA AGREGADA--NOMBRE PERSONAL
Nombre de persona Olózaga, Salustiano de,
Fechas asociadas al nombre 1805-1873
9 (RLIN) 87007
830 #0 - PUNTO DE ACCESO ADICIONAL DE SERIE-TÍTULO UNIFORME
Título uniforme Actas de la Academia Matritense de Jurisprudencia y Legislación.
9 (RLIN) 150797
852 4# - LOCALIZACIÓN
Ubicación ES-MaACL
Número de control de estantería T-64-F-9
Nota libre - Enc. hol.
-- - Enc. en un vol. facticio
856 4# - LOCALIZACIÓN Y ACCESO ELECTRÓNICOS
Identificador Uniforme de Recursos <a href="http://bvrajyl.rajyl.es/i18n/consulta/registro.cmd?id=9496 ">http://bvrajyl.rajyl.es/i18n/consulta/registro.cmd?id=9496 </a>
Nota pública Biblioteca Virtual de la Real Academia de Jurisprudencia y Legislación
Holdings
Estatus retirado Estado de pérdida Estado de daño No para préstamo Colección Biblioteca de origen Biblioteca actual Ubicación en estantería Fecha de adquisición Fuente de adquisición Total de préstamos Signatura topográfica completa Código de barras Visto por última vez Precio de reemplazo Tipo de ítem Koha
        Colección de folletos Biblioteca del Ateneo de Madrid Biblioteca del Ateneo de Madrid Depósito folletos 15/12/2022     T-64-F-9 1205001 23/02/2023 23/02/2023 Folleto